000 00800pam a2200253 a 4500
999 _c47290
_d47290
001 2787987
005 20190719103840.0
008 810728s1982 tnu b 001 0 eng
010 _a 81012847
020 _a0687166497
040 _aDLC
_cDLC
_dDLC
100 1 _aWilliamson, Clark M.
245 1 0 _aHas God rejected his people? :
_banti-Judaism in the christian church /
_cClark M. Williamson.
260 _aNashville :
_bAbingdon,
_cc1982.
300 _a190 p. ;
_c22 cm.
336 _atext
337 _aunmediated
338 _avolume
504 _aIncludes bibliographical references and index.
650 0 _aChristianity and antisemitism
_xHistory.
650 0 _aJews in the New Testament.
650 0 _aJudaism
_xControversial literature
_xHistory and criticism.
942 _2lcc
_cBK